| 000 | 00413nam a22001697a 4500 | ||
|---|---|---|---|
| 003 | NUST - PNEC | ||
| 005 | 20170116180918.0 | ||
| 008 | 150904b xxu||||| |||| 00| 0 eng d | ||
| 020 | _a- | ||
| 040 | _cLIBRARY | ||
| 082 | _a534.4 DAV | ||
| 100 |
_97567 _aDavis, Don |
||
| 245 |
_aAcoustical tests and measurements _cDon Davis |
||
| 260 | _cc.1965 | ||
| 650 |
_97572 _aSound--Measurement _xME |
||
| 942 |
_2ddc _cBK |
||
| 999 |
_c65523 _d65523 |
||